Statistics for 10 Most Patriotic US States (2017)

Click here to take the quiz!

General Stats

  • This quiz has been taken 80 times
  • The average score is 7 of 10

Answer Stats

Score State % Correct
70.55Virginia
81%
60.39Georgia
76%
65.03South Carolina
70%
59.34North Carolina
70%
61.97Idaho
67%
70.40Alaska
63%
63.59Colorado
63%
67.54Wyoming
61%
62.30Hawaii
54%
62.48Washington
51%

Score Distribution

Percentile by Number Answered

Percent of People with Each Score

Your Score History

You have not taken this quiz